[Event "España ch 1ª Division Norte"]
[Site "Barcelona ESP"]
[Date "2005.08.11"]
[Round "1.1"]
[White "Bernal Moro, Luis Javier"]
[Black "Del Barrio Gomez, Jesus M"]
[Result "1-0"]
[WhiteElo "2431"]
[BlackElo "2238"]
[PlyCount "79"]
[EventDate "2005.08.11"]
[EventType "team"]
[EventRounds "6"]
[EventCountry "ESP"]
[Source "lmi"]
[SourceDate "2005.08.14"]

1. Nf3 Nf6 2. c4 g6 3. g3 Bg7 4. Bg2 c6 5. O-O O-O 6. b3 d5 7. Bb2 a5 8. Nc3
Re8 9. d4 Ne4 10. e3 Nxc3 11. Bxc3 Nd7 12. Rc1 Nf6 13. Nd2 Bf5 14. Qe2 Qd7 15.
Rfd1 a4 16. b4 b5 17. cxb5 cxb5 18. Ba1 Ne4 19. Nxe4 dxe4 20. Rd2 Rab8 21. Rc5
Bg4 22. Qf1 Bf3 23. Bxf3 exf3 24. Qd1 Qg4 25. h3 Qxh3 26. Qxf3 h5 27. e4 Qd7
28. Kg2 Rb6 29. e5 e6 30. d5 exd5 31. Rdxd5 Qb7 32. Bd4 Bf8 33. Rc2 Rbe6 34. a3
Rb8 35. Bc5 Bg7 36. Rd8+ Kh7 37. Rxb8 Qxb8 38. Bd6 Qe8 39. Rc7 Bxe5 40. Rxf7+
1-0

[Event "España ch 1ª Division Norte"]
[Site "Barcelona ESP"]
[Date "2005.08.11"]
[Round "1.1"]
[White "Ubilava, Elizbar"]
[Black "Gonzalez Diaz, Diego"]
[Result "1-0"]
[WhiteElo "2519"]
[BlackElo "2257"]
[PlyCount "83"]
[EventDate "2005.08.11"]
[EventType "team"]
[EventRounds "6"]
[EventCountry "ESP"]
[Source "lmi"]
[SourceDate "2005.08.14"]

1. c4 Nf6 2. g3 g6 3. Bg2 d5 4. cxd5 Nxd5 5. h4 Nc6 6. h5 Bg7 7. Nc3 Nxc3 8.
bxc3 Be6 9. Rb1 Bd5 10. e4 Bc4 11. d4 Qd7 12. h6 Bf8 13. Rxb7 Ne5 14. Be3 Nd3+
15. Kd2 e5 16. Qb1 Ba3 17. Nf3 O-O 18. Bf1 exd4 19. Bxd4 Bc1+ 20. Kc2 Qa4+ 21.
Rb3 Qa6 22. Nd2 Bxd2 23. Kxd2 Rad8 24. Bxd3 c5 25. Bxc4 Qxc4 26. Qd3 Qa4 27.
Ke3 Qxa2 28. Rhb1 Qa5 29. Rb5 cxd4+ 30. cxd4 Qa6 31. d5 Qf6 32. f4 g5 33. Rh1
Rb8 34. e5 gxf4+ 35. gxf4 Qg6 36. Qxg6+ hxg6 37. Rxb8 Rxb8 38. d6 a5 39. Rc1
Kh7 40. Rc7 Ra8 41. e6 Kxh6 42. e7 1-0

[Event "España ch 1ª Division Norte"]
[Site "Barcelona ESP"]
[Date "2005.08.11"]
[Round "1.2"]
[White "Argandona Rivero, Inigo"]
[Black "Ortiz Fernandez-Vega, Alejandro"]
[Result "1-0"]
[WhiteElo "2402"]
[BlackElo "2142"]
[PlyCount "69"]
[EventDate "2005.08.11"]
[EventType "team"]
[EventRounds "6"]
[EventCountry "ESP"]
[Source "lmi"]
[SourceDate "2005.08.14"]

1. d4 Nf6 2. Nf3 c5 3. e3 g6 4. Nbd2 d6 5. dxc5 dxc5 6. Bc4 Bg7 7. e4 O-O 8.
Qe2 Nc6 9. c3 Na5 10. Bd3 Qc7 11. Nc4 Be6 12. Nxa5 Qxa5 13. O-O h6 14. Bc4 Bxc4
15. Qxc4 Rfd8 16. e5 Nd5 17. Qh4 g5 18. Qh5 Qa6 19. h4 Nf4 20. Bxf4 gxf4 21.
Qf5 Qe2 22. b3 Qd3 23. Qxf4 Qxc3 24. Rac1 Qa5 25. e6 fxe6 26. Qg4 Rd6 27. Ne5
Rf8 28. Nc4 Qb4 29. f4 Ra6 30. Rf3 e5 31. Rg3 Rf7 32. fxe5 h5 33. Qxh5 b5 34.
a3 Rxa3 35. e6 1-0

[Event "España ch 1ª Division Norte"]
[Site "Barcelona ESP"]
[Date "2005.08.11"]
[Round "1.2"]
[White "Guerrero Olmos, Sergio"]
[Black "Flear, Glenn C"]
[Result "0-1"]
[WhiteElo "2279"]
[BlackElo "2509"]
[PlyCount "56"]
[EventDate "2005.08.11"]
[EventType "team"]
[EventRounds "6"]
[EventCountry "ESP"]
[Source "lmi"]
[SourceDate "2005.08.14"]

1. d4 d5 2. c4 e6 3. Nc3 c6 4. e4 dxe4 5. Nxe4 Bb4+ 6. Bd2 Qxd4 7. Bxb4 Qxe4+
8. Be2 Na6 9. Ba5 b6 10. Qd6 Bd7 11. O-O-O O-O-O 12. Bc3 c5 13. Bxg7 Nb4 14.
Bd3 Qg4 15. Qg3 Nxd3+ 16. Rxd3 Qxc4+ 17. Kd2 Ne7 18. Bxh8 Rxh8 19. Qg7 Qf4+ 20.
Ke1 Rg8 21. Ne2 Qe4 22. Qc3 Nd5 23. Qa3 Bb5 24. Rd2 Bxe2 25. Rxe2 Qb1+ 26. Kd2
Qxh1 27. Qxa7 Rd8 28. Qxf7 Qd1+ 0-1

[Event "España ch 1ª Division Norte"]
[Site "Barcelona ESP"]
[Date "2005.08.11"]
[Round "1.2"]
[White "Hamdouchi, Hichem"]
[Black "Aguera Naredo, Javier"]
[Result "1-0"]
[WhiteElo "2567"]
[BlackElo "2354"]
[PlyCount "67"]
[EventDate "2005.08.11"]
[EventType "team"]
[EventRounds "6"]
[EventCountry "ESP"]
[Source "lmi"]
[SourceDate "2005.08.14"]

1. d4 d5 2. e4 e6 3. Nc3 Bb4 4. Bd3 dxe4 5. Bxe4 Nf6 6. Bf3 O-O 7. Nge2 Nbd7 8.
O-O c6 9. Ng3 Qc7 10. Nce4 Be7 11. c3 Nxe4 12. Bxe4 c5 13. dxc5 Nxc5 14. Bc2 b6
15. Qh5 g6 16. Qh6 e5 17. f4 f5 18. fxe5 Qxe5 19. Bf4 Qg7 20. Rae1 Bf6 21. b4
Nb7 22. Rf3 Kh8 23. Bb3 g5 24. Qxg7+ Kxg7 25. Nh5+ Kg6 26. Nxf6 Rxf6 27. Rg3 h6
28. h4 g4 29. Re8 Nd6 30. Rg8+ Kh5 31. Bxd6 Rxd6 32. Bf7+ Kxh4 33. Rh3+ gxh3
34. g3# 1-0

[Event "España ch 1ª Division Norte"]
[Site "Barcelona ESP"]
[Date "2005.08.11"]
[Round "1.2"]
[White "Molina Vinas, Marcos"]
[Black "Gallego Eraso, Patxi"]
[Result "0-1"]
[WhiteElo "2135"]
[BlackElo "2389"]
[PlyCount "47"]
[EventDate "2005.08.11"]
[EventType "team"]
[EventRounds "6"]
[EventCountry "ESP"]
[Source "lmi"]
[SourceDate "2005.08.14"]

1. c4 c5 2. Nc3 Nf6 3. e3 g6 4. g3 d5 5. cxd5 Nxd5 6. Bg2 Nb4 7. Nge2 Nd3+ 8.
Kf1 Bg7 9. Nf4 Nxf4 10. Qa4+ Nc6 11. Qxf4 O-O 12. h4 h5 13. Be4 Ne5 14. d4 cxd4
15. exd4 Ng4 16. Be3 a5 17. Nb5 Ra6 18. Ke2 e5 19. dxe5 Bxe5 20. Qg5 Qe8 21.
Bd3 Rf6 22. Rhf1 Bf5 23. Ke1 Qd8 24. Rh1 0-1

[Event "España ch 1ª Division Norte"]
[Site "Barcelona ESP"]
[Date "2005.08.11"]
[Round "1.3"]
[White "Granados Gomez, Manuel"]
[Black "Mindeguia Guruceaga, Juan J"]
[Result "1-0"]
[WhiteElo "2399"]
[BlackElo "2170"]
[PlyCount "91"]
[EventDate "2005.08.11"]
[EventType "team"]
[EventRounds "6"]
[EventCountry "ESP"]
[Source "lmi"]
[SourceDate "2005.08.14"]

1. d4 d5 2. c4 e6 3. Nc3 c5 4. e3 Nf6 5. Nf3 Nc6 6. cxd5 exd5 7. Be2 cxd4 8.
Nxd4 Bd6 9. O-O O-O 10. b3 Re8 11. Bb2 Nxd4 12. Qxd4 Be5 13. Qd2 Bg4 14. Bxg4
Nxg4 15. h3 Nf6 16. Rad1 Rc8 17. Nb5 Ne4 18. Qe2 a6 19. Nd4 Qa5 20. Rc1 Nc3 21.
Rxc3 Rxc3 22. Qd2 Rec8 23. Rd1 f6 24. Nf3 Rd3 25. Qxd3 Bxb2 26. Qxd5+ Qxd5 27.
Rxd5 Rc7 28. Kf1 Kf7 29. Ke2 Ke6 30. Rd2 Be5 31. Ne1 g6 32. Rc2 Rd7 33. Nd3 Bd6
34. e4 Re7 35. f4 Rd7 36. g4 f5 37. e5 Be7 38. Ke3 g5 39. gxf5+ Kxf5 40. Rf2
gxf4+ 41. Rxf4+ Ke6 42. Ke4 Rc7 43. Rf2 Bg5 44. h4 Bxh4 45. Nf4+ Kd7 46. Rh2
1-0

[Event "España ch 1ª Division Norte"]
[Site "Barcelona ESP"]
[Date "2005.08.11"]
[Round "1.3"]
[White "Narciso Dublan, Marc"]
[Black "Navarrete Delgado, Sergio"]
[Result "1-0"]
[WhiteElo "2476"]
[BlackElo "2207"]
[PlyCount "99"]
[EventDate "2005.08.11"]
[EventType "team"]
[EventRounds "6"]
[EventCountry "ESP"]
[Source "lmi"]
[SourceDate "2005.08.14"]

1. d4 Nf6 2. c4 e6 3. g3 d5 4. Bg2 h5 5. Nf3 Be7 6. Nbd2 Nc6 7. e3 Ne4 8. Nxe4
dxe4 9. Ne5 Qd6 10. Qa4 f5 11. Bd2 Bd7 12. Nxd7 Qxd7 13. f3 h4 14. fxe4 hxg3
15. hxg3 Rxh1+ 16. Bxh1 Bd6 17. O-O-O Bxg3 18. exf5 exf5 19. Rg1 f4 20. exf4
Nxd4 21. Qd1 Qh3 22. Bxb7 Rd8 23. Rh1 Qf5 24. Rh8+ Ke7 25. Rh5 Qf6 26. Qg4 Bxf4
27. Bxf4 Qxf4+ 28. Qxf4 Ne2+ 29. Kc2 Nxf4 30. Ra5 Kf6 31. Be4 Ne6 32. Bd5 c6
33. Bxe6 Kxe6 34. Rxa7 g5 35. Rc7 g4 36. Rxc6+ Kf5 37. Rc7 g3 38. Rg7 Kf4 39.
b4 Kf3 40. Kc3 g2 41. b5 Rd1 42. b6 g1=Q 43. Rxg1 Rxg1 44. c5 Rb1 45. Kd4 Kf4
46. Kd5 Kf5 47. a4 Rd1+ 48. Kc6 Ke6 49. b7 Rb1 50. a5 1-0

[Event "España ch 1ª Division Norte"]
[Site "Barcelona ESP"]
[Date "2005.08.11"]
[Round "1.3"]
[White "Rada Equiza, Miguel"]
[Black "Marin, Mihail"]
[Result "1/2-1/2"]
[WhiteElo "2236"]
[BlackElo "2537"]
[PlyCount "108"]
[EventDate "2005.08.11"]
[EventType "team"]
[EventRounds "6"]
[EventCountry "ESP"]
[Source "lmi"]
[SourceDate "2005.08.14"]

1. e4 e5 2. Nf3 Nc6 3. d4 exd4 4. Nxd4 d6 5. Nc3 Nf6 6. Nxc6 bxc6 7. Bd3 g6 8.
O-O Bg7 9. h3 O-O 10. f4 Nd7 11. Be3 a5 12. Qd2 Ba6 13. Rf2 Qb8 14. Raf1 Bxd3
15. cxd3 f5 16. g4 Qb4 17. gxf5 gxf5 18. Rg2 Kh8 19. a3 Qb3 20. Ne2 Qxb2 21.
Qxb2 Bxb2 22. Nd4 Rg8 23. Rff2 Bxa3 24. Nxf5 Bc5 25. d4 Bb6 26. Nh6 Rxg2+ 27.
Rxg2 Rf8 28. Kh2 a4 29. f5 a3 30. Bg5 Bxd4 31. Be7 a2 32. Rxa2 Rb8 33. Kg3 Kg7
34. Ng4 h5 35. Nh2 Kf7 36. Bg5 Be5+ 37. Kh4 Rb4 38. Kxh5 Bxh2 39. Rxh2 Rxe4 40.
Ra2 Nf6+ 41. Bxf6 Kxf6 42. Ra7 c5 43. Rxc7 c4 44. Rc6 Rd4 45. h4 Kxf5 46. Rxd6
Rd3 47. Rc6 c3 48. Kh6 Ke5 49. Rc8 Kd4 50. h5 Rg3 51. Kh7 Rg5 52. h6 Rc5 53.
Rxc5 Kxc5 54. Kg8 c2 1/2-1/2

[Event "España ch 1ª Division Norte"]
[Site "Barcelona ESP"]
[Date "2005.08.11"]
[Round "1.4"]
[White "Antoli Royo, Joaquin"]
[Black "Varela Mourin, Jesus"]
[Result "1-0"]
[WhiteElo "2305"]
[BlackElo "2205"]
[PlyCount "45"]
[EventDate "2005.08.11"]
[EventType "team"]
[EventRounds "6"]
[EventCountry "ESP"]
[Source "lmi"]
[SourceDate "2005.08.14"]

1. e4 d6 2. d4 Nf6 3. Nc3 g6 4. Bg5 Bg7 5. Qd2 h6 6. Bh4 g5 7. Bg3 Nh5 8. O-O-O
Nc6 9. Bb5 Bd7 10. Bxc6 Bxc6 11. Nge2 e6 12. Rhe1 O-O 13. f4 b5 14. Bf2 b4 15.
Nb1 gxf4 16. Qd3 Qf6 17. Nd2 d5 18. e5 Qg6 19. Qa6 Bd7 20. g3 fxg3 21. hxg3 f5
22. Qd3 Qe8 23. Rh1 1-0

[Event "España ch 1ª Division Norte"]
[Site "Barcelona ESP"]
[Date "2005.08.11"]
[Round "1.4"]
[White "Damljanovic, Branko"]
[Black "Santos Santos, Pablo"]
[Result "1-0"]
[WhiteElo "2612"]
[BlackElo "2303"]
[PlyCount "73"]
[EventDate "2005.08.11"]
[EventType "team"]
[EventRounds "6"]
[EventCountry "ESP"]
[Source "lmi"]
[SourceDate "2005.08.14"]
[WhiteTeam "Ibercaja"]
[BlackTeam "Café Cuervo"]

1. d4 Nf6 2. Nf3 g6 3. c4 Bg7 4. Nc3 d5 5. cxd5 Nxd5 6. e4 Nxc3 7. bxc3 c5 8.
Be3 Qa5 9. Qd2 O-O 10. Rc1 Rd8 11. d5 e6 12. c4 Qxd2+ 13. Nxd2 b6 14. Be2 Ba6
15. h4 Nd7 16. h5 Nf6 17. hxg6 hxg6 18. dxe6 fxe6 19. e5 Nd7 20. f4 Bb7 21. Bf3
Rab8 22. Ne4 a6 23. Ke2 Nf8 24. Rhd1 Bc6 25. Rxd8 Rxd8 26. Rb1 Bxe4 27. Bxe4
Rb8 28. a4 a5 29. Rd1 Kf7 30. Rd6 Ke8 31. Kf3 Bh6 32. Kg4 Kf7 33. Bf2 Ke8 34.
Bh4 Bg7 35. Bg5 Kf7 36. Bd8 Nh7 37. Bc7 1-0

[Event "España ch 1ª Division Norte"]
[Site "Barcelona ESP"]
[Date "2005.08.11"]
[Round "1.4"]
[White "Llorente Fernandez, Carlos"]
[Black "Glaria Murillo, Christian"]
[Result "1/2-1/2"]
[WhiteElo "1925"]
[BlackElo "2143"]
[PlyCount "59"]
[EventDate "2005.08.11"]
[EventType "team"]
[EventRounds "6"]
[EventCountry "ESP"]
[Source "lmi"]
[SourceDate "2005.08.14"]

1. d4 Nf6 2. c4 g6 3. Nc3 Bg7 4. Nf3 O-O 5. g3 d6 6. Bg2 Nc6 7. O-O a6 8. d5
Na5 9. Nd2 c5 10. Qc2 Rb8 11. b3 b5 12. Bb2 bxc4 13. bxc4 Bh6 14. f4 e5 15.
dxe6 Bxe6 16. Nd1 Bg7 17. Qd3 d5 18. cxd5 Bxd5 19. Bxd5 Qxd5 20. Qxd5 Nxd5 21.
Bxg7 Kxg7 22. Rc1 Rfc8 23. Rf3 Rb6 24. Ra3 Nb7 25. e4 Nf6 26. Nc4 Rbc6 27. Rb3
R8c7 28. Nc3 Nd8 29. Rd1 Rd7 30. Rxd7 1/2-1/2

[Event "España ch 1ª Division Norte"]
[Site "Barcelona ESP"]
[Date "2005.08.11"]
[Round "1.5"]
[White "Ingunza Lopez, Txema"]
[Black "Pomes Marcet, Juan"]
[Result "0-1"]
[WhiteElo "2047"]
[BlackElo "2375"]
[PlyCount "82"]
[EventDate "2005.08.11"]
[EventType "team"]
[EventRounds "6"]
[EventCountry "ESP"]
[Source "lmi"]
[SourceDate "2005.08.14"]

1. e4 e6 2. d4 d5 3. Nd2 c5 4. exd5 Qxd5 5. Ngf3 cxd4 6. Bc4 Qd6 7. Qe2 Nf6 8.
Nb3 Nc6 9. O-O a6 10. a4 Qc7 11. Bg5 Bd6 12. Rad1 Bd7 13. Nbxd4 Nxd4 14. Rxd4
Bc5 15. Bxf6 gxf6 16. Rg4 Be7 17. Bb3 Qb6 18. Rd1 Rd8 19. Rgd4 Bc8 20. Rxd8+
Bxd8 21. Qc4 Qc7 22. Qxc7 Bxc7 23. Kf1 Bd7 24. g3 f5 25. c3 Ke7 26. Ke2 Rg8 27.
Bc2 h6 28. Nd4 f4 29. Be4 Bc8 30. b4 f5 31. Bd3 Kf6 32. b5 e5 33. Nb3 axb5 34.
Bxb5 e4 35. gxf4 Bxf4 36. f3 Be5 37. Nc5 Bxc3 38. Rd6+ Ke5 39. Rxh6 Bd4 40.
Nd7+ Bxd7 41. Bxd7 Rg2+ 0-1

[Event "España ch 1ª Division Norte"]
[Site "Barcelona ESP"]
[Date "2005.08.11"]
[Round "1.5"]
[White "Pablo Marin, Alejandro"]
[Black "Basto Auzmendi, Mario"]
[Result "1-0"]
[WhiteElo "2424"]
[BlackElo "2132"]
[PlyCount "67"]
[EventDate "2005.08.11"]
[EventType "team"]
[EventRounds "6"]
[EventCountry "ESP"]
[Source "lmi"]
[SourceDate "2005.08.14"]

1. e4 d5 2. exd5 Nf6 3. d4 Nxd5 4. Nf3 g6 5. c4 Nb6 6. Nc3 Bg7 7. h3 O-O 8. Be3
Nc6 9. Be2 e5 10. d5 Ne7 11. g4 f5 12. Qb3 e4 13. Ng5 h6 14. O-O-O a5 15. d6 a4
16. Qa3 Nc6 17. c5 hxg5 18. cxb6 Be6 19. bxc7 Qd7 20. Nd5 Ne5 21. Kb1 f4 22.
Nb6 Qf7 23. Bd4 Rae8 24. Bxe5 Bxe5 25. Bb5 Ra8 26. Nxa8 Rxa8 27. Rhe1 e3 28.
fxe3 f3 29. Rf1 Bd5 30. Qc5 Bxa2+ 31. Kc1 Qe6 32. d7 Bxc7 33. Qxc7 Qxe3+ 34.
Rd2 1-0

[Event "España ch 1ª Division Norte"]
[Site "Barcelona ESP"]
[Date "2005.08.11"]
[Round "1.5"]
[White "Rodriguez Balzategui, Cesar"]
[Black "Moskalenko, Viktor"]
[Result "0-1"]
[WhiteElo "2210"]
[BlackElo "2534"]
[PlyCount "70"]
[EventDate "2005.08.11"]
[EventType "team"]
[EventRounds "6"]
[EventCountry "ESP"]
[Source "lmi"]
[SourceDate "2005.08.14"]

1. e4 g6 2. Nc3 Bg7 3. f4 c6 4. Nf3 d5 5. g3 dxe4 6. Nxe4 Nf6 7. Nf2 Ng4 8.
Nxg4 Bxg4 9. h3 Bxf3 10. Qxf3 Nd7 11. Bg2 Qb6 12. Qf2 e5 13. Qxb6 axb6 14. O-O
f5 15. fxe5 Bxe5 16. g4 fxg4 17. c3 Rf8 18. d4 gxh3 19. Rxf8+ Nxf8 20. Bxh3 Bf6
21. Be3 Kf7 22. c4 Re8 23. Bf2 Ne6 24. Rd1 Ng5 25. Bg2 Ne4 26. d5 Nxf2 27. Kxf2
c5 28. Rd3 Ra8 29. a3 b5 30. cxb5 Bxb2 31. d6 Rxa3 32. Rd2 Bd4+ 33. Kf1 Ke6 34.
Bxb7 Kxd6 35. Bc6 Rb3 0-1

[Event "España ch 1ª Division Norte"]
[Site "Barcelona ESP"]
[Date "2005.08.11"]
[Round "1.6"]
[White "Monell Camarasa, David"]
[Black "Espiñeira Gonzalez, Pablo"]
[Result "1-0"]
[WhiteElo "2263"]
[BlackElo "2158"]
[PlyCount "87"]
[EventDate "2005.08.11"]
[EventType "team"]
[EventRounds "6"]
[EventCountry "ESP"]
[Source "lmi"]
[SourceDate "2005.08.14"]

1. d4 d5 2. c4 e6 3. Nc3 Nf6 4. Bg5 Nbd7 5. Nf3 Be7 6. e3 c6 7. Qc2 a6 8. cxd5
exd5 9. Bd3 Nf8 10. O-O Ne6 11. Bh4 g6 12. Rab1 O-O 13. b4 Ng7 14. a4 Bf5 15.
Ne5 Bxd3 16. Nxd3 Nf5 17. Bxf6 Bxf6 18. b5 axb5 19. axb5 Be7 20. bxc6 bxc6 21.
Na4 Ra6 22. Nb4 Bxb4 23. Rxb4 Nd6 24. Nc5 Ra7 25. Ra4 Qc7 26. Na6 Qb6 27. Rb1
Nb5 28. Nc5 Rfa8 29. Nd7 Qc7 30. Rxa7 Nxa7 31. Nf6+ Kg7 32. Nxd5 Qa5 33. Nb6
Rb8 34. Nd7 Qd2 35. Qe4 Rxb1+ 36. Qxb1 Nb5 37. g3 f5 38. Ne5 Qc3 39. Qa2 Nd6
40. Qe6 Ne4 41. Qe7+ Kh6 42. Nf7+ Kg7 43. Ng5+ Kh6 44. Qxh7+ 1-0

[Event "España ch 1ª Division Norte"]
[Site "Barcelona ESP"]
[Date "2005.08.11"]
[Round "1.6"]
[White "Paredes Cordo, Jacobo Borja"]
[Black "Simonet Pons, Marc"]
[Result "0-1"]
[WhiteElo "2173"]
[BlackElo "2289"]
[PlyCount "82"]
[EventDate "2005.08.11"]
[EventType "team"]
[EventRounds "6"]
[EventCountry "ESP"]
[Source "lmi"]
[SourceDate "2005.08.14"]
[WhiteTeam "ANDORRA"]
[BlackTeam "PADRON"]

1. e4 Nf6 2. e5 Nd5 3. c4 Nb6 4. c5 Nd5 5. Bc4 e6 6. d4 d6 7. cxd6 cxd6 8. Nf3
Nc6 9. O-O Be7 10. a3 O-O 11. Qe2 Qb6 12. Rd1 Na5 13. Bxd5 exd5 14. Nc3 Be6 15.
b4 Nc4 16. Bf4 Rfe8 17. h3 Rac8 18. Na4 Qa6 19. Nb2 dxe5 20. dxe5 Nxe5 21. Qxe5
Bf6 22. Qh5 Bxb2 23. Ra2 Qe2 24. Re1 Qc4 25. Rxb2 Qxf4 26. Rd2 g6 27. Qe5 Qxe5
28. Rxe5 Rc3 29. a4 Rc4 30. Rd4 Rec8 31. b5 Kg7 32. a5 Kf6 33. Re2 Rxd4 34.
Nxd4 Rc4 35. Rd2 Ke5 36. Nf3+ Kd6 37. Rb2 Kc5 38. Ne5 Re4 39. f4 f6 40. Nd3+
Kc4 41. Nb4 Kc3 0-1

[Event "España ch 1ª Division Norte"]
[Site "Barcelona ESP"]
[Date "2005.08.11"]
[Round "1.6"]
[White "Rodriguez Calvo, Manoel"]
[Black "Garcia, Raul"]
[Result "0-1"]
[WhiteElo "2119"]
[BlackElo "2258"]
[PlyCount "92"]
[EventDate "2005.08.11"]
[EventType "team"]
[EventRounds "6"]
[EventCountry "ESP"]
[Source "lmi"]
[SourceDate "2005.08.14"]
[WhiteTeam "PADRON"]
[BlackTeam "ANDORRA"]

1. e4 c5 2. Nc3 e6 3. Nf3 a6 4. g3 b5 5. Bg2 Bb7 6. d3 d6 7. O-O Be7 8. Qe2 Nf6
9. e5 dxe5 10. Nxe5 Bxg2 11. Kxg2 O-O 12. f4 Nfd7 13. Nf3 Nc6 14. Be3 Qc7 15.
Ne4 Nb4 16. a3 Nd5 17. Bd2 Qb7 18. b3 Rac8 19. c4 N5f6 20. Rab1 Qb6 21. Bc3 Ne8
22. Kg1 Nd6 23. Nxd6 Qxd6 24. Ne5 Rfd8 25. Rf3 Nxe5 26. Bxe5 Qd7 27. Qe4 Rc6
28. a4 bxa4 29. bxa4 Bd6 30. Bc3 Rb8 31. Rff1 Rcb6 32. Rxb6 Rxb6 33. Qa8+ Bf8
34. a5 Rb3 35. Be5 f6 36. Ba1 Qd6 37. Rd1 Ra3 38. Qe8 Rxa5 39. Re1 Ra2 40. Bc3
Rc2 41. Ba1 h6 42. Bxf6 gxf6 43. Rxe6 Qd4+ 44. Kh1 Kg7 45. f5 Qg4 46. Re4 Qf3+
0-1

[Event "España ch 1ª Division Norte"]
[Site "Barcelona ESP"]
[Date "2005.08.11"]
[Round "1.7"]
[White "Cortes Lizano, Jesus"]
[Black "Obon Temprano, Sergi"]
[Result "0-1"]
[WhiteElo "2120"]
[BlackElo "2173"]
[PlyCount "100"]
[EventDate "2005.08.11"]
[EventType "team"]
[EventRounds "6"]
[EventCountry "ESP"]
[Source "lmi"]
[SourceDate "2005.08.14"]

1. c4 c5 2. Nf3 Nf6 3. g3 Nc6 4. Bg2 g6 5. O-O Bg7 6. Nc3 O-O 7. d4 cxd4 8.
Nxd4 Nxd4 9. Qxd4 d6 10. Qd3 Be6 11. Bxb7 Rb8 12. Bg2 Qa5 13. Nd5 Nxd5 14. cxd5
Bf5 15. Qe3 Qc7 16. Be4 Bxe4 17. Qxe4 Bxb2 18. Rb1 Bf6 19. Be3 Qa5 20. Bh6 Rfc8
21. Rxb8 Rxb8 22. Rb1 Re8 23. Qc4 Qc5 24. Qxc5 dxc5 25. Rc1 Rc8 26. Be3 c4 27.
Bxa7 c3 28. Rc2 Rc7 29. Be3 Rb7 30. a3 Rb2 31. Rc1 Rxe2 32. Kg2 Kf8 33. Kf3 Ra2
34. Bc5 Ke8 35. h4 h5 36. Ke3 Kd7 37. Kd3 e6 38. dxe6+ Kxe6 39. Kc4 Re2 40. Be3
Kf5 41. a4 Ra2 42. Kb5 Ke4 43. a5 Bd4 44. Re1 Bxe3 45. Rxe3+ Kd4 46. Re8 c2 47.
Rc8 Kd3 48. a6 Kd2 49. Rd8+ Kc3 50. Kb6 c1=Q 0-1

[Event "España ch 1ª Division Norte"]
[Site "Barcelona ESP"]
[Date "2005.08.11"]
[Round "1.7"]
[White "Lopez Gracia, Fernando"]
[Black "Bautista Sanchez, Joan"]
[Result "0-1"]
[WhiteElo "2323"]
[BlackElo "2250"]
[PlyCount "48"]
[EventDate "2005.08.11"]
[EventType "team"]
[EventRounds "6"]
[EventCountry "ESP"]
[Source "lmi"]
[SourceDate "2005.08.14"]
[WhiteTeam "Stadium Casablanca"]
[BlackTeam "Sant Andreu"]

1. e4 c6 2. d4 d5 3. Nc3 dxe4 4. Nxe4 Nf6 5. Nxf6+ gxf6 6. c3 Bf5 7. Nf3 e6 8.
g3 Qd5 9. Bg2 Qc4 10. Nd2 Qa6 11. c4 Nd7 12. O-O Bd3 13. Re1 Bxc4 14. Nxc4 Qxc4
15. d5 cxd5 16. Bxd5 Qa6 17. Bxe6 fxe6 18. Qh5+ Ke7 19. Bd2 Rc8 20. Rad1 Rc7
21. Ba5 b6 22. Rxe6+ Kxe6 23. Qe8+ Be7 24. Qxh8 Qc8 0-1

[Event "España ch 1ª Division Norte"]
[Site "Barcelona ESP"]
[Date "2005.08.11"]
[Round "1.7"]
[White "Miralles Sanchez, Josep"]
[Black "Glavina, Pablo"]
[Result "1/2-1/2"]
[WhiteElo "2271"]
[BlackElo "2440"]
[PlyCount "47"]
[EventDate "2005.08.11"]
[EventType "team"]
[EventRounds "6"]
[EventCountry "ESP"]
[Source "lmi"]
[SourceDate "2005.08.14"]
[WhiteTeam "Sant Andreu"]
[BlackTeam "Stadium Casablanca"]

1. e4 e5 2. Nf3 Nc6 3. Bb5 a6 4. Ba4 Nf6 5. Qe2 b5 6. Bb3 Bc5 7. a4 Rb8 8. axb5
axb5 9. Nc3 O-O 10. d3 b4 11. Nd1 d5 12. Be3 Nd4 13. Nxd4 exd4 14. Bg5 dxe4 15.
dxe4 h6 16. Bxf6 Qxf6 17. O-O Be6 18. Ra6 Rb6 19. Rxb6 Bxb6 20. Bxe6 Qxe6 21.
b3 f5 22. Re1 f4 23. Nb2 Kh8 24. Qf3 1/2-1/2

[Event "España ch 1ª Division Norte"]
[Site "Barcelona ESP"]
[Date "2005.08.11"]
[Round "1.8"]
[White "Fernandez de Betoño, Carlos"]
[Black "Rios, Alejandro"]
[Result "0-1"]
[WhiteElo "2004"]
[BlackElo "2282"]
[PlyCount "84"]
[EventDate "2005.08.11"]
[EventType "team"]
[EventRounds "6"]
[EventCountry "ESP"]
[Source "lmi"]
[SourceDate "2005.08.14"]
[WhiteTeam "Ruta de Europa"]
[BlackTeam "Montcada"]

1. d4 Nf6 2. c4 c5 3. d5 e6 4. Nc3 exd5 5. cxd5 d6 6. e4 g6 7. f4 Bg7 8. Be2
O-O 9. Nf3 a6 10. a4 Bg4 11. O-O Re8 12. e5 Bxf3 13. Bxf3 dxe5 14. fxe5 Rxe5
15. Bf4 Rf5 16. Qd2 h5 17. h3 Nbd7 18. g4 hxg4 19. hxg4 Rxf4 20. Qxf4 Nh7 21.
Kg2 Ne5 22. Rh1 Nxf3 23. Qxf3 Ng5 24. Qd3 Qd7 25. Rh4 Re8 26. Rf1 Bd4 27. Qd2
Re3 28. Rfh1 Qd6 29. Rh8+ Kg7 30. R8h3 Nxh3 31. Rxh3 Rxh3 32. Kxh3 Qf6 33. Kg3
Be5+ 34. Kg2 Qh4 35. Qe2 Qg3+ 36. Kf1 Bd4 37. Qg2 Qxg2+ 38. Kxg2 Bxc3 39. bxc3
b5 40. axb5 axb5 41. Kf3 b4 42. c4 b3 0-1

[Event "España ch 1ª Division Norte"]
[Site "Barcelona ESP"]
[Date "2005.08.11"]
[Round "1.8"]
[White "Hernando Rodrigo, Jose Maria"]
[Black "Arce Balluerca, Jorge"]
[Result "1-0"]
[WhiteElo "2351"]
[BlackElo "2115"]
[PlyCount "83"]
[EventDate "2005.08.11"]
[EventType "team"]
[EventRounds "6"]
[EventCountry "ESP"]
[Source "lmi"]
[SourceDate "2005.08.14"]

1. d4 g6 2. c4 Bg7 3. Nc3 d6 4. Nf3 Nf6 5. e4 O-O 6. Be2 Nfd7 7. Be3 c5 8. d5
Na6 9. Qd2 Re8 10. Bh6 Bh8 11. h4 Nf6 12. h5 b5 13. cxb5 Nc7 14. hxg6 fxg6 15.
a4 e6 16. Bg5 exd5 17. exd5 Bf5 18. Kf1 Qd7 19. Bd3 Ne4 20. Nxe4 Bxe4 21. Bxe4
Rxe4 22. Rh4 Rae8 23. Rxe4 Rxe4 24. Re1 Qf5 25. Bd8 Nxd5 26. Rd1 Nf4 27. Bg5
Bd4 28. Bxf4 Rxf4 29. Re1 d5 30. b4 g5 31. bxc5 Bxc5 32. Re8+ Kf7 33. Re5 Qb1+
34. Re1 Qf5 35. g4 Rxg4 36. Ne5+ Kg7 37. Nxg4 Qxg4 38. Qxd5 Bb4 39. Qe5+ Kf7
40. Re4 Qh3+ 41. Kg1 Bc3 42. Qxg5 1-0